000 00688nam a2200253Ia 4500
005 20260121153706.0
008 008 260114s9999 xx 000 0 eng d
020 _a9780429282720
037 _aEBOOK
040 _aCRL
040 _beng
040 _cCRL
041 _2eng
041 _aeng
084 _qCRL
100 _aKaren V. Beaman Isabelle Buchstaller Sue Fox James A. Walker
_9997935
245 0 _aAdvancing Socio-grammatical Variation and Change: In Honour of Jenny Cheshire
260 _bTaylor and Francis
260 _c2021
856 _uhttp://www.taylorfrancis.com/books/9780429282720
942 _cEBOOK
999 _c1564754
_d1564754